| 000 | 00362nam a22001337a 4500 | ||
|---|---|---|---|
| 020 | _a9787508540078 | ||
| 040 | _cNUST LC | ||
| 082 |
_a070.43 _bCHE |
||
| 100 |
_aChen , Xu _983146 |
||
| 245 | _aJiaolong's sea explorations / | ||
| 260 |
_aBeijing Shi : _bChina Intercontinental Press, _c2019. |
||
| 300 | _a340 pages : illustrations ; 23 cm. | ||
| 942 |
_2ddc _cBK |
||
| 999 |
_c586515 _d586515 |
||